[Event "24th NATO Chess Championship"]
[Site "Rynia"]
[Date "2013.08.13"]
[Round "3.29"]
[White "Langer, Herb"]
[Black "Wells, Daniel J"]
[Result "0-1"]
[WhiteElo "1721"]
[BlackElo "2023"]
[PlyCount "54"]
[EventDate "2013.08.??"]
[EventType "swiss"]
[EventRounds "7"]
[EventCountry "POL"]
[WhiteTeam "CAN"]
[BlackTeam "ENG"]
[WhiteTeamCountry "CAN"]
[BlackTeamCountry "ENG"]

1. c4 Nf6 2. g3 g6 3. Bg2 Bg7 4. Nc3 O-O 5. e4 d6 6. Nge2 c5 7. d3 Nc6 8. O-O
a6 9. a3 Rb8 10. Rb1 b5 11. b4 bxc4 12. dxc4 cxb4 13. Nd5 Nxd5 14. cxd5 bxa3
15. Bxa3 Rxb1 16. Qxb1 Ne5 17. Rc1 Bd7 18. Nd4 Qa5 19. Bb4 Qa4 20. Bc3 Rc8 21.
Ne2 Bb5 22. Bxe5 Rxc1+ 23. Qxc1 Bxe5 24. f4 Bxe2 25. fxe5 Qd4+ 26. Kh1 Qxe5 27.
Qe1 Bd3 0-1

[Event "24th NATO Chess Championship"]
[Site "Rynia"]
[Date "2013.08.13"]
[Round "3.30"]
[White "Ergonen, Arda"]
[Black "Rosseel, Kimball"]
[Result "1/2-1/2"]
[WhiteElo "2022"]
[BlackElo "1827"]
[PlyCount "138"]
[EventDate "2013.08.??"]
[EventType "swiss"]
[EventRounds "7"]
[EventCountry "POL"]
[WhiteTeam "TUR"]
[BlackTeam "BEL"]
[WhiteTeamCountry "TUR"]
[BlackTeamCountry "BEL"]

1. e4 e6 2. d4 d5 3. Nc3 Nf6 4. Bg5 Be7 5. e5 Nfd7 6. Bxe7 Qxe7 7. f4 a6 8. Nf3
c5 9. Qd2 Nc6 10. dxc5 Qxc5 11. O-O-O b5 12. Nd4 Bb7 13. Nxc6 Qxc6 14. Ne2 O-O
15. Nd4 Qb6 16. Kb1 b4 17. Bd3 Nc5 18. f5 Nxd3 19. Qxd3 exf5 20. Nxf5 Qe6 21.
Rhe1 a5 22. Nd4 Qa6 23. Qg3 Bc8 24. Qd3 Be6 25. Qxa6 Rxa6 26. b3 Rc8 27. Kb2
Rc5 28. Rc1 Ra8 29. c3 bxc3+ 30. Rxc3 Rxc3 31. Kxc3 Rc8+ 32. Kd2 Kf8 33. Rc1
Rxc1 34. Kxc1 Bd7 35. Kd2 Ke7 36. Kc3 Kd8 37. b4 axb4+ 38. Kxb4 Kc7 39. Kc5 Bc8
40. Nb5+ Kd7 41. Nd6 Ba6 42. Kxd5 Bf1 43. g3 Bg2+ 44. Kd4 Ke6 45. Ne4 Kf5 46.
Nf2 h5 47. Nd1 Bf3 48. Ne3+ Ke6 49. a4 Bb7 50. a5 g6 51. Nc2 f6 52. exf6 Kxf6
53. Nb4 Kf5 54. Kc5 Kg4 55. Kb6 Ba8 56. a6 Kh3 57. Ka7 Be4 58. Kb8 Kxh2 59. a7
Kxg3 60. Nd3 g5 61. Nc5 Bc6 62. Nb7 Bxb7 63. Kxb7 g4 64. a8=Q h4 65. Qa3+ Kh2
66. Qb2+ Kh3 67. Kc6 g3 68. Kd5 g2 69. Qf2 g1=Q 1/2-1/2

[Event "24th NATO Chess Championship"]
[Site "Rynia"]
[Date "2013.08.13"]
[Round "3.31"]
[White "Tremblay, Mario"]
[Black "Demjen, Attila"]
[Result "0-1"]
[WhiteElo "1466"]
[BlackElo "2013"]
[PlyCount "116"]
[EventDate "2013.08.??"]
[EventType "swiss"]
[EventRounds "7"]
[EventCountry "POL"]
[WhiteTeam "CAN"]
[BlackTeam "HUN"]
[WhiteTeamCountry "CAN"]
[BlackTeamCountry "HUN"]

1. e4 c6 2. f4 d5 3. e5 Bf5 4. d4 e6 5. Nf3 Nd7 6. Bd3 Bxd3 7. Qxd3 g6 8. O-O
Ne7 9. Nc3 a6 10. Ne2 c5 11. c3 Nc6 12. Kh1 Rc8 13. a3 c4 14. Qc2 b5 15. Ng3
Ne7 16. Nh4 Nf5 17. Nhxf5 gxf5 18. Bd2 Qh4 19. Nxf5 exf5 20. Qxf5 Rc6 21. e6
fxe6 22. Rae1 Qe7 23. Qh5+ Kd8 24. f5 Nf6 25. Qf3 Bg7 26. Bg5 Rf8 27. fxe6 Rxe6
28. Bxf6 Rfxf6 29. Qxd5+ Ke8 30. Qh5+ Kd7 31. Qd5+ Ke8 32. Qh5+ Kd7 33. Qd5+
Ke8 34. Qh5+ Kf8 35. Qd1 Rxe1 36. Rxe1 Re6 37. Qf3+ Bf6 38. Rf1 Re1 39. h3
Rxf1+ 40. Qxf1 Ke8 41. Qf5 Bh4 42. Qc8+ Kf7 43. Qf5+ Kg7 44. Qf3 Qe1+ 45. Kh2
Bf2 46. Qg4+ Kf6 47. Qf4+ Ke6 48. Qh6+ Kd5 49. Qg5+ Ke4 50. Qe5+ Kd3 51. Qxe1
Bxe1 52. g4 Ke4 53. Kg2 Bd2 54. Kg3 Bc1 55. h4 Bxb2 56. h5 Bxa3 57. g5 Kf5 58.
Kh4 Be7 0-1

[Event "24th NATO Chess Championship"]
[Site "Rynia"]
[Date "2013.08.13"]
[Round "3.32"]
[White "Patron, Pascal"]
[Black "Chwieseni, Edward"]
[Result "0-1"]
[WhiteElo "1978"]
[BlackElo "1754"]
[PlyCount "70"]
[EventDate "2013.08.??"]
[EventType "swiss"]
[EventRounds "7"]
[EventCountry "POL"]
[WhiteTeam "FRA"]
[BlackTeam "ENG"]
[WhiteTeamCountry "FRA"]
[BlackTeamCountry "ENG"]

1. e4 e5 2. Nf3 Nc6 3. d4 exd4 4. Bc4 h6 5. O-O Bc5 6. c3 d6 7. b4 Bb6 8. cxd4
Bg4 9. Qb3 Qd7 10. e5 Nxd4 11. Nxd4 Bxd4 12. Bb2 dxe5 13. Bxd4 exd4 14. Re1+
Kf8 15. h3 Bh5 16. Re5 Bg6 17. Rd5 Qe7 18. Nd2 Nf6 19. Rxd4 Rd8 20. Rxd8+ Qxd8
21. Nf3 Qe7 22. Re1 Ne4 23. Qd1 Kg8 24. Qd4 Kh7 25. Bd3 f5 26. Nd2 Rd8 27. Qe3
Qxb4 28. Nf3 Qd6 29. Bc2 Qc5 30. Qxc5 Nxc5 31. Nh4 Rd2 32. Bb1 Ne4 33. g4 Nxf2
34. gxf5 Nxh3+ 35. Kf1 Rf2# 0-1

[Event "24th NATO Chess Championship"]
[Site "Rynia"]
[Date "2013.08.13"]
[Round "3.33"]
[White "Akman, Serkan"]
[Black "Tikerpuu, Mati"]
[Result "1-0"]
[WhiteElo "1948"]
[BlackElo "1950"]
[PlyCount "81"]
[EventDate "2013.08.??"]
[EventType "swiss"]
[EventRounds "7"]
[EventCountry "POL"]
[WhiteTeam "TUR"]
[BlackTeam "EST"]
[WhiteTeamCountry "TUR"]
[BlackTeamCountry "EST"]

1. d4 d6 2. e4 g6 3. c4 Bg7 4. Nc3 Nf6 5. Nf3 O-O 6. Bg5 Nbd7 7. Be2 c5 8. d5
Re8 9. O-O Ng4 10. h3 Nge5 11. Nxe5 Nxe5 12. f4 Nd7 13. Qc2 a6 14. a4 Qc7 15.
a5 Nf8 16. Bd3 Nd7 17. Qa4 Qd8 18. Rae1 Rb8 19. Re2 f6 20. Bh4 Ra8 21. Bg3 b6
22. axb6 Nxb6 23. Qc2 Qc7 24. e5 f5 25. Rfe1 Bd7 26. Bh4 dxe5 27. fxe5 e6 28.
Bg3 Qb7 29. Kh2 exd5 30. Nxd5 Be6 31. Nf6+ Bxf6 32. exf6 Kf7 33. Bd6 Kxf6 34.
g4 Qd7 35. Be5+ Kf7 36. gxf5 gxf5 37. Rf2 Rf8 38. Bxf5 Ke8 39. Bxe6 Qxe6 40.
Bc3 Rxf2+ 41. Qxf2 1-0

[Event "24th NATO Chess Championship"]
[Site "Rynia"]
[Date "2013.08.13"]
[Round "3.34"]
[White "Allmann, Lauri"]
[Black "Ross, David C"]
[Result "0-1"]
[WhiteElo "1900"]
[BlackElo "1802"]
[PlyCount "40"]
[EventDate "2013.08.??"]
[EventType "swiss"]
[EventRounds "7"]
[EventCountry "POL"]
[WhiteTeam "EST"]
[BlackTeam "NATO"]
[WhiteTeamCountry "EST"]

1. e4 e5 2. Nf3 Nc6 3. d4 exd4 4. Nxd4 Qh4 5. Nc3 Bb4 6. Be2 Qxe4 7. O-O Qxd4
8. Bd3 Bxc3 9. bxc3 Qh4 10. Re1+ Nge7 11. Re4 Qf6 12. Rb1 O-O 13. Rf4 Qd6 14.
Bxh7+ Kxh7 15. Rh4+ Kg8 16. Qh5 f5 17. Bf4 Qg6 18. Qe2 d6 19. Rh5 Qg4 20. Re1
Qxf4 0-1

[Event "24th NATO Chess Championship"]
[Site "Rynia"]
[Date "2013.08.13"]
[Round "3.35"]
[White "Stuhr, Finn"]
[Black "Morrison, Munroe L"]
[Result "0-1"]
[WhiteElo "1737"]
[BlackElo "1851"]
[PlyCount "44"]
[EventDate "2013.08.??"]
[EventType "swiss"]
[EventRounds "7"]
[EventCountry "POL"]
[WhiteTeam "NATO"]
[BlackTeam "ENG"]
[BlackTeamCountry "ENG"]

1. e4 d5 2. e5 c5 3. Bb5+ Nc6 4. Bxc6+ bxc6 5. c3 Bf5 6. g4 Be4 7. f3 Bd3 8.
Ne2 e6 9. Qa4 Qc7 10. f4 f6 11. exf6 Nxf6 12. h3 Bd6 13. Rf1 O-O 14. Rf3 Bb5
15. Qc2 e5 16. d3 e4 17. dxe4 dxe4 18. Rf2 Bd3 19. Qd1 Nd5 20. f5 Bg3 21. Nxg3
Qxg3 22. Nd2 e3 0-1

[Event "24th NATO Chess Championship"]
[Site "Rynia"]
[Date "2013.08.13"]
[Round "3.36"]
[White "Geerts, Luc"]
[Black "Bublys, Vaidotas"]
[Result "1/2-1/2"]
[WhiteElo "1617"]
[BlackElo "1822"]
[PlyCount "108"]
[EventDate "2013.08.??"]
[EventType "swiss"]
[EventRounds "7"]
[EventCountry "POL"]
[WhiteTeam "BEL"]
[BlackTeam "LTU"]
[WhiteTeamCountry "BEL"]
[BlackTeamCountry "LTU"]

1. d4 d5 2. c4 c6 3. Nc3 e6 4. cxd5 cxd5 5. Nf3 a6 6. Bg5 Be7 7. Bxe7 Qxe7 8.
Ne5 Nd7 9. Nd3 Ngf6 10. e3 b5 11. Be2 b4 12. Na4 a5 13. O-O Ba6 14. Rc1 O-O 15.
Ndc5 Bxe2 16. Qxe2 Nxc5 17. Nxc5 Qa7 18. Qd3 Rfc8 19. Rc2 Rc6 20. Rfc1 Rac8 21.
Na4 Qb7 22. f3 g6 23. Rxc6 Rxc6 24. Nc5 Qb6 25. Rc2 Ne8 26. Kf1 Nd6 27. Nd7 Qc7
28. Rxc6 Qxc6 29. Nc5 Nc4 30. b3 Nd6 31. Ke2 Nb5 32. Kd2 Kf8 33. Qc2 Ke7 34. h4
h5 35. g4 hxg4 36. fxg4 Nc3 37. Kc1 Qc7 38. a3 Ne4 39. axb4 axb4 40. Na6 Qxc2+
41. Kxc2 Nf2 42. g5 Ne4 43. Nxb4 Kd6 44. Nd3 Ng3 45. Ne5 Ke7 46. Kd3 Nf5 47.
Nf3 f6 48. gxf6+ Kxf6 49. b4 Ke7 50. e4 Nd6 51. exd5 exd5 52. Ne5 Kf6 53. Ng4+
Kf5 54. Ne3+ Ke6 1/2-1/2

[Event "24th NATO Chess Championship"]
[Site "Rynia"]
[Date "2013.08.13"]
[Round "3.37"]
[White "Lord, Daniel"]
[Black "Deneyer, Frank"]
[Result "1-0"]
[WhiteElo "1607"]
[BlackElo "1825"]
[PlyCount "75"]
[EventDate "2013.08.??"]
[EventType "swiss"]
[EventRounds "7"]
[EventCountry "POL"]
[WhiteTeam "CAN"]
[BlackTeam "NATO"]
[WhiteTeamCountry "CAN"]

1. d4 f5 2. Nf3 Nf6 3. c4 e6 4. Nc3 Bb4 5. Bd2 O-O 6. c5 Nc6 7. a3 Bxc3 8. Bxc3
Ne4 9. Bb4 a5 10. Qa4 g5 11. Bd2 g4 12. Rg1 Kh8 13. Ne5 Nxe5 14. dxe5 Nxc5 15.
Qc2 Ne4 16. Bf4 b6 17. f3 Nc5 18. h3 gxh3 19. g3 Qe7 20. Bxh3 d5 21. exd6 cxd6
22. O-O-O e5 23. Bh6 Rf7 24. Qc3 Be6 25. Kb1 Rc8 26. Qd2 d5 27. Bg5 Qf8 28. Qe3
Nd7 29. f4 e4 30. g4 Qc5 31. Qd2 e3 32. Qd3 d4 33. gxf5 Bxf5 34. Bxf5 Qxf5 35.
Qxf5 Rxf5 36. Rxd4 Nc5 37. Bh6 Ne6 38. Re4 1-0

[Event "24th NATO Chess Championship"]
[Site "Rynia"]
[Date "2013.08.13"]
[Round "3.38"]
[White "Giedraitis, Mingaudas"]
[Black "Ulusoy, Mustafa"]
[Result "1/2-1/2"]
[WhiteElo "1817"]
[BlackElo "1696"]
[PlyCount "93"]
[EventDate "2013.08.??"]
[EventType "swiss"]
[EventRounds "7"]
[EventCountry "POL"]
[WhiteTeam "LTU"]
[BlackTeam "NATO"]
[WhiteTeamCountry "LTU"]

1. e4 e6 2. d4 d5 3. Nc3 Be7 4. Bf4 dxe4 5. Nxe4 Nf6 6. Bd3 O-O 7. Nf3 Nbd7 8.
O-O Nxe4 9. Bxe4 Nf6 10. Bd3 b6 11. Re1 Bb7 12. c3 c5 13. Qe2 Bxf3 14. Qxf3
cxd4 15. Rad1 Qd5 16. Qh3 Qh5 17. Qg3 dxc3 18. Be2 Qg6 19. Qxc3 Nd5 20. Qg3
Nxf4 21. Qxf4 Qf6 22. Qxf6 Bxf6 23. b3 Rfd8 24. a4 a5 25. Bc4 Kf8 26. Kf1 Bc3
27. Rxd8+ Rxd8 28. Re4 Rd2 29. g3 Bb4 30. Re2 Rd1+ 31. Kg2 Bc5 32. Kf3 h5 33.
h4 g6 34. Re4 Rd2 35. Re2 Rd4 36. Kg2 Ke7 37. f4 Rd1 38. Kf3 Rf1+ 39. Kg2 Rg1+
40. Kf3 Kf6 41. Rd2 Re1 42. Re2 Rxe2 43. Bxe2 e5 44. fxe5+ Kxe5 45. Bc4 f6 46.
Bf7 Kf5 47. Be8 1/2-1/2

[Event "24th NATO Chess Championship"]
[Site "Rynia"]
[Date "2013.08.13"]
[Round "3.39"]
[White "Hale, Katie"]
[Black "Bellemare, Regis"]
[Result "0-1"]
[WhiteElo "1583"]
[BlackElo "1814"]
[PlyCount "72"]
[EventDate "2013.08.??"]
[EventType "swiss"]
[EventRounds "7"]
[EventCountry "POL"]
[WhiteTeam "ENG"]
[BlackTeam "CAN"]
[WhiteTeamCountry "ENG"]
[BlackTeamCountry "CAN"]

1. e4 c5 2. Nf3 g6 3. d4 cxd4 4. Qxd4 Nf6 5. e5 Nc6 6. Qd1 Ng4 7. Bf4 Qb6 8.
Qd2 Qxb2 9. Qc3 Qxc3+ 10. Nxc3 Bg7 11. Nd5 Kd8 12. Rd1 Ngxe5 13. Ng5 d6 14. Bb5
Be6 15. O-O h6 16. Ne4 Bxd5 17. Rxd5 Nb4 18. Rd2 a6 19. Ba4 g5 20. Bg3 Rc8 21.
h4 f5 22. Nxd6 exd6 23. Rxd6+ Ke7 24. Bxe5 Bxe5 25. Rd7+ Kf6 26. Rxb7 Nxc2 27.
Rb6+ Kg7 28. Bxc2 Rxc2 29. hxg5 hxg5 30. Rxa6 Rhc8 31. Re1 Rc1 32. Kf1 R8c2 33.
Ra7+ Kg6 34. Ra6+ Kh5 35. Ra5 Rxe1+ 36. Kxe1 Bc3+ 0-1

[Event "24th NATO Chess Championship"]
[Site "Rynia"]
[Date "2013.08.13"]
[Round "3.40"]
[White "Lambruschini, Alex"]
[Black "Reinup, Hannes"]
[Result "1-0"]
[WhiteElo "1811"]
[BlackElo "1600"]
[PlyCount "129"]
[EventDate "2013.08.??"]
[EventType "swiss"]
[EventRounds "7"]
[EventCountry "POL"]
[WhiteTeam "CAN"]
[BlackTeam "EST"]
[WhiteTeamCountry "CAN"]
[BlackTeamCountry "EST"]

1. e4 e5 2. Nf3 Nc6 3. Bb5 Nf6 4. O-O d6 5. Bxc6+ bxc6 6. d3 Be7 7. c4 c5 8.
Nc3 O-O 9. Nd5 h6 10. h3 Nxd5 11. cxd5 Qd7 12. Nd2 f5 13. f3 f4 14. Nc4 Qe8 15.
Bd2 Qg6 16. Kh1 Bd7 17. b4 cxb4 18. Bxb4 Rab8 19. Qd2 Qe8 20. Rac1 Rc8 21. Na5
c5 22. dxc6 Bxc6 23. Nxc6 Rxc6 24. Rxc6 Qxc6 25. Rc1 Qb7 26. Qc3 Re8 27. d4 Bf8
28. d5 Rb8 29. a3 Be7 30. Qc6 Qxc6 31. dxc6 Kf7 32. c7 Rc8 33. Rc6 Ke6 34. Ba5
Kd7 35. Ra6 Ra8 36. Bb6 Kc8 37. Bxa7 Kxc7 38. Bb6+ Kb7 39. Rxa8 Kxa8 40. a4 Kb7
41. a5 Kc6 42. Kg1 Kb5 43. Kf1 g5 44. h4 g4 45. fxg4 Bxh4 46. Ke2 Bg3 47. Bc7
Kc6 48. Bb8 Bh2 49. a6 Bg1 50. a7 Kb7 51. Bxd6 Bd4 52. Bf8 Bxa7 53. Bxh6 Kc6
54. g5 Kd6 55. Bf8+ Ke6 56. g6 Kf6 57. g7 Kf7 58. Kf3 Bb6 59. Kg4 Bd8 60. Kh5
Kg8 61. Kg6 f3 62. gxf3 Be7 63. Kf5 Bxf8 64. gxf8=Q+ Kxf8 65. Kxe5 1-0

[Event "24th NATO Chess Championship"]
[Site "Rynia"]
[Date "2013.08.13"]
[Round "3.41"]
[White "Ozturk, Ali"]
[Black "Habakuk, Mikk"]
[Result "1-0"]
[WhiteElo "1763"]
[BlackElo "1500"]
[PlyCount "71"]
[EventDate "2013.08.??"]
[EventType "swiss"]
[EventRounds "7"]
[EventCountry "POL"]
[WhiteTeam "NATO"]
[BlackTeam "EST"]
[BlackTeamCountry "EST"]

1. d4 d6 2. c4 c5 3. d5 Bf5 4. Nc3 g6 5. e4 Bd7 6. f4 Bg7 7. Bd2 e5 8. Nf3 Ne7
9. Bd3 Na6 10. Rc1 Qb6 11. O-O Nb4 12. Bb1 f5 13. fxe5 fxe4 14. Nxe4 Bxe5 15.
Nxe5 dxe5 16. Rf6 Qc7 17. Nd6+ Kd8 18. Nf7+ Kc8 19. Nxh8 Qd8 20. Nf7 Qg8 21.
Nxe5 Nf5 22. Nxd7 Kxd7 23. Rxf5 gxf5 24. Bxf5+ Kc7 25. Bf4+ Kb6 26. a3 Qf8 27.
axb4 Qxf5 28. bxc5+ Kxc5 29. Be3+ Kd6 30. c5+ Kc7 31. d6+ Kd7 32. Qa4+ Kd8 33.
Qh4+ Kd7 34. Qa4+ Kd8 35. Rf1 Qd3 36. Rf8# 1-0